00000000nam##2200000za#4500
0019.694865
003CaOODSP
00520220324083504
007cr |||||||||||
008150407|2009||||xxc|||||o    f|0| 0 eng|d
040 |aCaOODSP|beng
043 |an-cn---
0861 |aIN4-10/2009E-PDF
1102 |aOffice of the Superintendent of Financial Institutions Canada.
24510|aReport on Office of the Superintendent of Financial Institutions, Office of the Chief Actuary (OCA), Social Insurance Programs Section (SIP), Canada Pension Plan statutory actuarial report review (CPP - statutory actuarial report) |h[electronic resource]
2461 |aReport on CPP - statutory actuarial report review
260 |aOttawa - Ontario : |bOffice of the Superintendent of Financial Institutions |cJune 2009.
590 |a11-14-Supp|b2011-08-12
69007|aFinancial institutions|2gcpds
77508|tBureau du surintendant des institutions financières, Bureau de l'actuaire en chef (BAC), Section des programmes d'assurance sociale, Examen du rapport actuariel réglementaire sur le Régime de pensions du Canada (rapport actuariel réglementaire sur le RPC) |w(CaOODSP)9.639034
85640|ahttp://publications.gc.ca|qPDF|s202 Ko|uhttps://publications.gc.ca/collections/collection_2011/bsif-osfi/IN4-10-2009-eng.pdf